000 01767nam a2200229 4500
005 20250329165437.0
008 190415s2021 000 0 eng d
040 _aCO-CtgCURN
_bspa
_ccoctgcurn
082 0 _aEST 2021
_bF356
100 1 _aFerias Miranda, Norys María.
245 1 0 _aDeterminación de la influencia de los trastornos de la melatonina en el desarrollo del envejecimiento cutáneo facial. /
_cNorys María Ferias Miranda; Arantxa Iriarte Salcedo; asesora: Milena Maria Álvarez Jiménez.
260 _aCartagena de Indias :
_bCorporación Universitaria Rafael Nuñez,
_c2021.
300 _a44 hojas.
504 _aTrabajo de grado (Tecnologia en estetica y cosmetologia). Corporación Universitaria Rafael Nuñez. Facultad de Ciencias de la Salud. Tecnologia en estetica y cosmetologia, 2021.
520 _a"La presente investigación se lleva a cabo sobre la influencia de los trastornos de la melatonina en el desarrollo del envejecimiento cutáneo facial teniendo en cuenta que esta es una hormona de gran importancia en el envejecimiento, ya que logra disminuir la oxidación celular y mantener nuestras células sanas durante más tiempo. Por eso, cuando hay una carencia de esta hormona suelen darse casos de insomnio, depresión y también tiende a acelerarse el envejecimiento. "
650 0 _aEstetica y Cosmetologia
_vTesis y disertaciones academicas.
700 1 _aIriarte Salcedo, Arantxa.
700 1 _aJiménez Álvarez, Milena María,
_easesora.
856 _uhttps://unicurn.sharepoint.com/:b:/s/biblioteca/EasvL8sgvmNNuv9dPy6QmecBxsP1BobC3s0LAxglcMlJ0g?e=PwTzNs
_zClick aqui para ver el recurso en texto completo
942 _2ddc
_cTG
_hEST 2021
_iF356
999 _c4214
_d4214